| 000 | 01094cam a2200289 a 4500 | ||
|---|---|---|---|
| 005 | 20260322212059.0 | ||
| 008 | data | ||
| 010 | _a 96043937 | ||
| 020 | _a0684818922 | ||
| 020 | _a9780684818924 | ||
| 040 |
_aDLC _cDLC _dDLC |
||
| 050 | 0 | 0 |
_aPR6025.A2547 _bS5 1996 |
| 082 | 0 | 0 |
_a823/.912 _220 |
| 100 | 1 |
_aTey, Josephine, _d1896 or 7-1952. |
|
| 245 | 1 | 4 |
_aThe singing sands / _cJosephine Tey. |
| 250 | _a1st Scribner Paperback Fiction ed. | ||
| 260 |
_aNew York : _bScribner Paperback Fiction, _c1996. |
||
| 300 |
_a223 p. ; _c21 cm. |
||
| 650 | 0 |
_aGrant, Alan (Fictitious character) _xFiction. |
|
| 650 | 0 |
_aPolice _zGreat Britain _xFiction. |
|
| 655 | 7 |
_aDetective and mystery stories. _2gsafd |
|
| 856 | 4 | 2 |
_3Contributor biographical information _uhttp://www.loc.gov/catdir/enhancements/fy1107/96043937-b.html |
| 906 |
_a7 _bcbc _corignew _d1 _eocip _f19 _gy-gencatlg |
||
| 925 | 0 |
_aacquire _b2 shelf copies _xpolicy default |
|
| 001 | data | ||
| 999 |
_c1411 _d1411 |
||